000 02046nam a2200265Ii 4500
008 221202s xx 000 0 und d
100 1 _aAnderson, Kym,
_eauthor
245 0 _aGlobal wine markets, 1860 to 2016
246 _aa statistical compendium
264 _bUniversity of Adelaide Press
_c2017
300 _a1 online resource
336 _atext
_btxt
_2rdacontent
337 _acomputer
_bc
_2rdamedia
338 _aonline resource
_bcr
_2rdacarrier
520 _aUntil recently, most grape-based wine was consumed close to where it was produced, and mostly that was in Europe. Now more than two-fifths of all wine consumed globally is produced in another country, including in the Southern Hemisphere, the USA and Asia. This latest edition of global wine statistics not only updates data to 2016 but also adds another century of data. The motivation to assemble those historical data was to enable comparisons between the current and the previous globalization waves. This unique database reveals that, even though Europe's vineyards were devastated by vine diseases and the pest phylloxera from the 1860s, most 'New World' countries remained net importers of wine until late in the nineteenth century. Some of the world's leading wine economists and historians have contributed to and drawn on this database to examine the development of national wine market developments before, during and in between the two waves of globalization. Their initial analyses cover all key wine-producing and -consuming countries using a common methodology to explain long-term trends and cycles in national wine production, consumption, and trade.
653 _aDomestic Sales
653 _aGlobal Wine Statistics
653 _aKym Anderson
653 _aSigne Nelgen
653 _aStatistics
700 1 _aNelgen, Signe
700 1 _aPinilla, Vicente
856 _uhttps://docs.google.com/spreadsheets/d/1yKIrdCPDAG_9c22mwoOIO2DOhtj65Wqa/edit?usp=sharing&ouid=106555315294820607512&rtpof=true&sd=true
_yList of Curated E-Books
942 _cE-BOOK
999 _c93868
_d93865